| 000 | 00949nas a2200301 4500 | ||
|---|---|---|---|
| 001 | BR0504737 | ||
| 003 | BR-BrBNA | ||
| 005 | 20231205105658.0 | ||
| 007 | ta | ||
| 008 | 230509b bl.|||p| |||| 00| 00por d | ||
| 040 |
_aBR-BrBNA _bpor _cBiblioteca Nacional de Agricultura |
||
| 041 | _a(Pt) | ||
| 072 | _ak10; U10 | ||
| 100 | 1 | _aBartoszeck, A.C. de P. e S. | |
| 100 | 1 | _aMachado, S. do A. | |
| 100 | 1 | _aFigueiredo Filho, A. | |
| 100 | 1 | _aOliveira, E.B. | |
| 245 | 1 | _aDistribuição diamétrica para bracatingais em diferentes idades, sítios e densidades na região metropolitana de Curitiba | |
| 650 | _aMIMOSA SCABRELLA | ||
| 650 | _aBRACATINGA | ||
| 650 | _aDIÂMETRO | ||
| 650 | _aMODELO MATEMÁTICO | ||
| 650 | _aPOVOAMENTO FLORESTAL | ||
| 650 | _aPARANÁ | ||
| 773 | 0 |
_tFloresta (Brazil) _xISSN 0015-3826 _g(Sep-Dec 2004), v. 34(3) p. 305-323 _wBR0504737 |
|
| 909 |
_a202311 _bLúcia _c55 _dLúcia Elande |
||
| 942 |
_2AGRIS _n0 _cANA |
||
| 999 |
_c184109 _d184109 |
||